Top 15 twórców quizów na JetPunk - Statystyki

Ogólne statystyki
  • Ten quiz został rozwiązany 6 razy
  • Średni wynik to 3 z 15
Statystyki odpowiedzi
# Twórcy Ilość quizów Razy rozwiązane % Poprawnych
1 Quizmaster 4,815 408,536,849
83%
15 youtubeplayer 525 5,067,404
67%
12 ArjayPL 404 7,577,735
33%
8 Gamer1162 1,501 14,461,144
17%
6 Jerry928 10,021 20,009,787
17%
2 Stewart 1,525 34,287,848
17%
14 Vicky 907 5,203,656
17%
13 Elboy 497 6,013,895
0%
9 Gassu 1,465 13,506,944
0%
11 johnnyaitch 57 8,682,458
0%
10 KoljiVriVoda 2,198 10,214,566
0%
5 punkfrancais 578 20,401,359
0%
4 Quizzer6794 1,596 25,055,994
0%
3 relessness 1,020 32,312,717
0%
7 scambigol 1,854 18,168,968
0%
Nie znaleziono quizów pasujących do podanych kryteriów
Rozkład punktacji
Procent ludzi z każdym wynikiem
Percentyl według liczby udzielonych odpowiedzi
Twoja historia wyników
Nie rozwiązałeś tego quizu